00672 2200229 4500001002100000005001500021035002000036007000300056008004100059020002200100082000800122084001400130100001100144245012900155260002700284300003700311500002500348650002500373700002200398990001100420990001100431INLIS00000000000441020191111110543 a0010-1119000037ta191111 g 0 ind  a978-602-1634-11-0 a920 a920 SUR g0 aSURADI1 aGrand old man of the republic :bHaji Agus Salim dan Konflik Politik Dalam Serekat Islam /cSuradi; editor, Bayu Widiyatmoko aYogyakarta :bMatapadi axxx, 166 hlm. :bilus. ;c21 cm. aindeks: hlm. 163-166 4aBIOGRAFI. AGUS SALIM0 aBAYU, Widiyatmoko a7102 a a7102 b